00493nam a2200133Ia 4500008004100000245010800041260003500149260000900184300000900193650001300202856005200215999001900267952007300286170516s9999 xx 000 0 und d aApplications of Nanoparticles in Magnetic Resonance Imaging: A Comprehensive Review Halime Mansoury Asl bAsian Journal of Pharmaceutics c2017 a11:1 xPharmacy uhttp://www.asiapharmaceutics.info/index.php/ajp c331017d331017 001040aCLbCLd2017-05-16l0r2017-05-16 00:00:00w2017-05-16yFOJ